[Event "Mario Covas 6th"]
[Site "Santos"]
[Date "2006.04.29"]
[Round "1"]
[White "Leitao, Rafael"]
[Black "Milos, Gilberto"]
[Result "1/2-1/2"]
[WhiteElo "2575"]
[BlackElo "2589"]
[PlyCount "33"]
[EventDate "2006.04.29"]
[EventType "tourn"]
[EventRounds "9"]
[EventCountry "BRA"]
[EventCategory "9"]
[Source "ChessBase"]
[SourceDate "2006.07.14"]

1. d4 Nf6 2. c4 e6 3. Nf3 b6 4. g3 Bb7 5. Bg2 Be7 6. Nc3 Ne4 7. Bd2 Bf6 8. Qc2
Nxd2 9. Qxd2 O-O 10. O-O d6 11. Rad1 Nd7 12. d5 Qe7 13. e4 Rad8 14. Nd4 Ne5 15.
Qe2 Rfe8 16. Rfe1 a6 17. h3 1/2-1/2

[Event "Sigeman & Co 14th"]
[Site "Malmo"]
[Date "2006.05.04"]
[Round "7"]
[White "Atalik, Suat"]
[Black "Berg, Emanuel"]
[Result "0-1"]
[WhiteElo "2632"]
[BlackElo "2539"]
[PlyCount "110"]
[EventDate "2006.04.28"]
[EventType "tourn"]
[EventRounds "9"]
[EventCountry "SWE"]
[EventCategory "13"]
[Source "ChessBase"]
[SourceDate "2006.07.31"]

1. d4 Nf6 2. c4 e6 3. Nf3 b6 4. g3 Ba6 5. b3 Bb4+ 6. Bd2 Be7 7. Bg2 c6 8. Bc3
d5 9. Ne5 Nfd7 10. Nxd7 Nxd7 11. Nd2 f5 12. Rc1 Rc8 13. Rc2 O-O 14. O-O Nf6 15.
Bb2 Bd6 16. Qc1 Qe7 17. e3 g5 18. f4 g4 19. Rf2 h5 20. a3 h4 21. gxh4 Nh5 22.
b4 Bb7 23. c5 Bc7 24. cxb6 axb6 25. Nf1 Bd6 26. Ng3 Qxh4 27. Nxh5 Qxh5 28. Bf1
Kf7 29. b5 cxb5 30. Bxb5 Rh8 31. Rxc8 Rxc8 32. Rc2 Rxc2 33. Qxc2 Qh4 34. Qf2
Qe7 35. a4 Bc8 36. h3 Bd7 37. hxg4 Bxb5 38. axb5 fxg4 39. Kg2 Qf6 40. Kg3 Qh6
41. Kxg4 Qg6+ 42. Kh3 Qd3 43. Kg4 Kg6 44. Qg3 Qxb5 45. Kf3+ Kf7 46. Qh2 Qf1+
47. Kg3 Qd3 48. Bc1 b5 49. Qb2 b4 50. Kf2 b3 51. Qe2 Qh7 52. Qb2 Qh2+ 53. Kf3
Qh1+ 54. Ke2 Qg2+ 55. Kd3 Qf1+ 0-1

[Event "Foros Aerosvit"]
[Site "Foros"]
[Date "2006.06.17"]
[Round "1"]
[White "Bologan, Viktor"]
[Black "Karjakin, Sergey"]
[Result "1-0"]
[WhiteElo "2666"]
[BlackElo "2661"]
[PlyCount "65"]
[EventDate "2006.06.17"]
[EventType "tourn"]
[EventRounds "11"]
[EventCountry "UKR"]
[EventCategory "18"]
[Source "ChessBase"]
[SourceDate "2006.07.31"]

1. d4 Nf6 2. c4 e6 3. Nf3 b6 4. g3 Ba6 5. b3 Bb4+ 6. Bd2 Be7 7. Bg2 c6 8. Bc3
d5 9. Ne5 Nfd7 10. Nxd7 Nxd7 11. Nd2 O-O 12. O-O Rc8 13. e4 b5 14. Re1 dxe4 15.
Nxe4 bxc4 16. Qe2 c5 17. dxc5 Nxc5 18. Nxc5 Rxc5 19. b4 Rb5 20. Rad1 Qc7 21. a4
Rxb4 22. Qg4 g6 23. Qd4 e5 24. Qxe5 Qxe5 25. Rxe5 Rb3 26. Rxe7 Rxc3 27. Rxa7
Bc8 28. Ra1 Rd8 29. Ra8 Rb3 30. Bd5 Rb4 31. Rc1 Kg7 32. Bf3 c3 33. Rxc3 1-0

[Event "Foros Aerosvit"]
[Site "Foros"]
[Date "2006.06.19"]
[Round "3"]
[White "Shirov, Alexei"]
[Black "Karjakin, Sergey"]
[Result "1-0"]
[WhiteElo "2699"]
[BlackElo "2661"]
[PlyCount "69"]
[EventDate "2006.06.17"]
[EventType "tourn"]
[EventRounds "11"]
[EventCountry "UKR"]
[EventCategory "18"]
[Source "ChessBase"]
[SourceDate "2006.07.31"]

1. d4 Nf6 2. c4 e6 3. Nf3 b6 4. g3 Ba6 5. b3 Bb4+ 6. Bd2 Be7 7. Bg2 c6 8. Bc3
d5 9. Ne5 Nfd7 10. Nxd7 Nxd7 11. Nd2 O-O 12. O-O Rc8 13. e4 b5 14. Re1 dxe4 15.
Nxe4 bxc4 16. Qe2 Rb8 17. Bf1 Bb4 18. Qd2 Qa5 19. Bxb4 Qxb4 20. Qf4 Rbd8 21.
Rab1 Qa3 22. bxc4 Nb6 23. Rbc1 Qa5 24. Nc5 Nd7 25. Nb3 Qxa2 26. Qe3 Rb8 27. Nd2
c5 28. Ra1 Qb2 29. Rxa6 cxd4 30. Qe2 d3 31. Qe3 Ne5 32. Qxe5 Qxd2 33. Qe3 Qxe3
34. Rxe3 d2 35. Rd3 1-0

[Event "Foros Aerosvit"]
[Site "Foros"]
[Date "2006.06.24"]
[Round "7"]
[White "Ivanchuk, Vassily"]
[Black "Nisipeanu, Liviu Dieter"]
[Result "1-0"]
[WhiteElo "2731"]
[BlackElo "2695"]
[PlyCount "107"]
[EventDate "2006.06.17"]
[EventType "tourn"]
[EventRounds "11"]
[EventCountry "UKR"]
[EventCategory "18"]
[Source "ChessBase"]
[SourceDate "2006.07.31"]

1. d4 Nf6 2. c4 e6 3. Nf3 b6 4. g3 Bb7 5. Bg2 Bb4+ 6. Bd2 Bxd2+ 7. Qxd2 O-O 8.
Nc3 Ne4 9. Qd3 Nxc3 10. Ng5 Ne4 11. Nxe4 d5 12. cxd5 Bxd5 13. O-O Nc6 14. Rfd1
Qe7 15. Nc3 Bxg2 16. Kxg2 Nb4 17. Qc4 Nd5 18. Rac1 Rac8 19. Qc6 Rfd8 20. e3 Kf8
21. Nxd5 exd5 22. Rc3 Qd7 23. Rdc1 Qxc6 24. Rxc6 Rd7 25. h4 Ke8 26. h5 h6 27.
b4 Kd8 28. Kf3 Re7 29. g4 Kd7 30. b5 Kd8 31. a4 Kd7 32. Kf4 Re6 33. Rxe6 fxe6
34. Ke5 a6 35. Rc6 axb5 36. axb5 Re8 37. f3 Re7 38. f4 Re8 39. g5 Re7 40. gxh6
gxh6 41. Kf6 Re8 42. Kf7 Re7+ 43. Kg6 Re8 44. Kxh6 Rg8 45. Kh7 Rg3 46. Rc3 Ke7
47. Rxc7+ Kf6 48. h6 Rg1 49. Rb7 Ra1 50. Rb8 Ra7+ 51. Kg8 Kg6 52. Re8 Kf6 53.
Rb8 Ra1 54. Rf8+ 1-0

[Event "NED-ch"]
[Site "Hilversum"]
[Date "2006.06.22"]
[Round "5"]
[White "Sokolov, Ivan"]
[Black "Tiviakov, Sergei"]
[Result "1/2-1/2"]
[WhiteElo "2676"]
[BlackElo "2669"]
[PlyCount "29"]
[EventDate "2006.06.17"]
[EventType "tourn"]
[EventRounds "11"]
[EventCountry "NED"]
[EventCategory "13"]
[Source "ChessBase"]
[SourceDate "2006.07.31"]

1. d4 Nf6 2. c4 e6 3. Nf3 b6 4. Bf4 Bb7 5. e3 Bb4+ 6. Nbd2 Be7 7. Bd3 c5 8. O-O
O-O 9. Qc2 Nc6 10. a3 h6 11. dxc5 bxc5 12. Ne4 Nxe4 13. Bxe4 d6 14. Rfd1 f5 15.
Bxc6 1/2-1/2

[Event "NED-ch"]
[Site "Hilversum"]
[Date "2006.06.27"]
[Round "9"]
[White "Sokolov, Ivan"]
[Black "Werle, Jan"]
[Result "1-0"]
[WhiteElo "2676"]
[BlackElo "2529"]
[PlyCount "109"]
[EventDate "2006.06.17"]
[EventType "tourn"]
[EventRounds "11"]
[EventCountry "NED"]
[EventCategory "13"]
[Source "ChessBase"]
[SourceDate "2006.07.31"]

1. d4 Nf6 2. c4 e6 3. Nf3 b6 4. a3 Bb7 5. Nc3 d5 6. Qc2 c5 7. cxd5 Nxd5 8. dxc5
Bxc5 9. Bg5 Qc8 10. Rc1 O-O 11. b4 Nxc3 12. Qxc3 h6 13. Bh4 g5 14. Bxg5 hxg5
15. bxc5 Qxc5 16. Qxc5 bxc5 17. Nxg5 Nd7 18. h4 Rfe8 19. e3 Bc6 20. Bc4 Rab8
21. O-O Rb2 22. Rfd1 Kf8 23. Rb1 Reb8 24. Rxb2 Rxb2 25. h5 Ke7 26. h6 Rb8 27.
h7 Rh8 28. Ba2 Nf8 29. Rc1 Nxh7 30. Rxc5 Nxg5 31. Rxc6 Rd8 32. Rc7+ Kf6 33. Bb3
Rd3 34. Bc2 Rxa3 35. f4 Nh3+ 36. gxh3 Rxe3 37. Kg2 a5 38. Bd1 e5 39. Rc6+ Kf5
40. Bg4+ Kxf4 41. Rf6+ Kg5 42. Rxf7 a4 43. Kf2 Re4 44. Rg7+ Kf6 45. Ra7 Rd4 46.
Kg3 Rd3+ 47. Kh4 a3 48. Ra6+ Kg7 49. Kg5 e4 50. Ra7+ Kh8 51. Kf6 Rd6+ 52. Ke5
Rd3 53. Kxe4 Rg3 54. Kf5 Rd3 55. Kf6 1-0

[Event "NED-ch"]
[Site "Hilversum"]
[Date "2006.06.29"]
[Round "11"]
[White "L'Ami, Erwin"]
[Black "Tiviakov, Sergei"]
[Result "0-1"]
[WhiteElo "2565"]
[BlackElo "2669"]
[PlyCount "70"]
[EventDate "2006.06.17"]
[EventType "tourn"]
[EventRounds "11"]
[EventCountry "NED"]
[EventCategory "13"]
[Source "ChessBase"]
[SourceDate "2006.07.31"]

1. d4 Nf6 2. c4 e6 3. Nf3 b6 4. g3 Bb7 5. Bg2 Be7 6. O-O c6 7. Nc3 d5 8. Bf4
O-O 9. Ne5 Nh5 10. Qa4 Bd6 11. Rfd1 Nxf4 12. gxf4 f6 13. Nd3 f5 14. Ne5 Kh8 15.
e3 Bxe5 16. dxe5 Nd7 17. cxd5 cxd5 18. Rac1 Nc5 19. Qd4 g5 20. Nb5 gxf4 21.
Qxf4 Rg8 22. Nd6 Qe7 23. b4 Rg4 24. Qxg4 fxg4 25. bxc5 bxc5 26. Rxc5 Ba6 27.
Rd4 Rb8 28. Rc1 Rf8 29. Rxg4 Bd3 30. Rf4 Rxf4 31. exf4 Bg6 32. Re1 Qf8 33. Bh3
Qxf4 34. Bxe6 d4 35. Bb3 d3 0-1

[Event "GRE-chT 35th"]
[Site "Ermioni"]
[Date "2006.07.10"]
[Round "9"]
[White "Azmaiparashvili, Zurab"]
[Black "Macieja, Bartlomiej"]
[Result "0-1"]
[WhiteElo "2669"]
[BlackElo "2613"]
[PlyCount "104"]
[EventDate "2006.07.03"]
[EventType "team"]
[EventRounds "9"]
[EventCountry "GRE"]
[Source "ChessBase"]
[SourceDate "2006.07.31"]

1. d4 e6 2. c4 Nf6 3. Nf3 b6 4. a3 Bb7 5. Nc3 d5 6. cxd5 Nxd5 7. Qa4+ Nd7 8.
Nxd5 Bxd5 9. Bg5 Be7 10. Bxe7 Qxe7 11. Rc1 O-O 12. e4 Bxe4 13. Rxc7 Nc5 14.
dxc5 Qxc7 15. Qxe4 Qxc5 16. Qe3 Qc2 17. Bd3 Qxb2 18. O-O Rad8 19. h4 Qf6 20.
Rb1 Rd5 21. Rb4 Rc8 22. Ng5 h6 23. Ne4 Qe5 24. f4 Qh5 25. Nf2 Qxh4 26. f5 Qf6
27. fxe6 Qxe6 28. Re4 Qc6 29. Qe2 g6 30. Re7 Qc1+ 31. Kh2 Rc7 32. Re8+ Kg7 33.
Nh3 Qxa3 34. Nf4 Rg5 35. Qf2 Qc5 36. Qb2+ Qc3 37. Qf2 Qc5 38. Qb2+ Qc3 39. Qf2
Kh7 40. Qf3 Qd4 41. g3 b5 42. Ne2 Qb2 43. Kh3 a5 44. Rd8 Qe5 45. Nf4 Qe1 46. g4
Re7 47. Ng2 Qe5 48. Nf4 Qe3 49. Kg2 Qxf3+ 50. Kxf3 Ra7 51. Nh5 a4 52. Rb8 Ra6
0-1

[Event "Rubinstein mem"]
[Site "Polanica Zdroj"]
[Date "2006.08.21"]
[Round "2"]
[White "Socko, Bartosz"]
[Black "Laznicka, Viktor"]
[Result "1-0"]
[WhiteElo "2621"]
[BlackElo "2602"]
[PlyCount "63"]
[EventDate "2006.08.20"]
[EventType "tourn"]
[EventRounds "9"]
[EventCountry "POL"]
[EventCategory "13"]
[Source "ChessBase"]
[SourceDate "2006.09.14"]

1. d4 Nf6 2. c4 e6 3. Nf3 b6 4. Nc3 Bb4 5. Bg5 Bb7 6. e3 h6 7. Bh4 c5 8. Bd3
cxd4 9. exd4 Bxf3 10. Qxf3 Nc6 11. Qe3 Be7 12. O-O Nb4 13. a3 Nxd3 14. Qxd3 O-O
15. b4 Rc8 16. Rac1 Nh5 17. Bxe7 Qxe7 18. c5 d6 19. c6 d5 20. Qe3 Nf6 21. b5 a6
22. a4 Ra8 23. Ra1 Ra7 24. Rfc1 Rfa8 25. Qe5 Kf8 26. a5 Qd8 27. axb6 Qxb6 28.
Na4 Qxb5 29. c7 Rc8 30. Qd6+ Ke8 31. Nb6 Ne4 32. Nxc8 1-0

[Event "Rubinstein mem"]
[Site "Polanica Zdroj"]
[Date "2006.08.24"]
[Round "5"]
[White "Kempinski, Robert"]
[Black "Kryvoruchko, Yuriy"]
[Result "1-0"]
[WhiteElo "2567"]
[BlackElo "2536"]
[PlyCount "77"]
[EventDate "2006.08.20"]
[EventType "tourn"]
[EventRounds "9"]
[EventCountry "POL"]
[EventCategory "13"]
[Source "ChessBase"]
[SourceDate "2006.09.14"]

1. d4 Nf6 2. c4 e6 3. Nf3 b6 4. g3 Ba6 5. b3 b5 6. cxb5 Bxb5 7. Bg2 Bb4+ 8. Bd2
a5 9. O-O d5 10. Nc3 Ba6 11. Qc2 O-O 12. Rfe1 Nbd7 13. a3 Be7 14. Na4 Bb5 15.
Nc5 Nxc5 16. dxc5 Ne4 17. Be3 f5 18. Nd4 Bd7 19. f3 Nxc5 20. Nxf5 exf5 21. Bxc5
Bxc5+ 22. Qxc5 c6 23. e4 dxe4 24. fxe4 f4 25. Rf1 fxg3 26. hxg3 Rb8 27. Rad1
Rxf1+ 28. Bxf1 Qe8 29. Qxa5 Be6 30. b4 Bg4 31. Rd4 h5 32. Bc4+ Kh7 33. Qg5 c5
34. Rd6 cxb4 35. e5 bxa3 36. Rh6+ gxh6 37. Bd3+ Kh8 38. Qxh6+ Kg8 39. Bc4+ 1-0

[Event "Rubinstein mem"]
[Site "Polanica Zdroj"]
[Date "2006.08.25"]
[Round "6"]
[White "Zubarev, Alexander2"]
[Black "Atalik, Suat"]
[Result "1/2-1/2"]
[WhiteElo "2518"]
[BlackElo "2619"]
[PlyCount "70"]
[EventDate "2006.08.20"]
[EventType "tourn"]
[EventRounds "9"]
[EventCountry "POL"]
[EventCategory "13"]
[Source "ChessBase"]
[SourceDate "2006.09.14"]

1. d4 Nf6 2. Nf3 e6 3. c4 b6 4. Nc3 Bb7 5. Bg5 h6 6. Bh4 Be7 7. e3 O-O 8. Bd3
d5 9. O-O Ne4 10. Bg3 c5 11. Qe2 Nd7 12. Rfd1 Ndf6 13. Rac1 cxd4 14. Nxd4 Nxg3
15. hxg3 Rc8 16. Ncb5 a5 17. a3 Bc5 18. Nf3 Qe7 19. cxd5 Bxd5 20. Nc3 Bc6 21.
Nd2 Qa7 22. Nce4 Nxe4 23. Bxe4 Bd7 24. Nf3 Rfd8 25. Ne5 Be8 26. Rxd8 Rxd8 27.
Nc6 Bxc6 28. Bxc6 Qc7 29. Bf3 Qe5 30. Qc2 g6 31. Rd1 Rxd1+ 32. Bxd1 Qd5 33. g4
Bf8 34. a4 Qc5 35. Qxc5 Bxc5 1/2-1/2

[Event "Mainz Ordix op 13th"]
[Site "Mainz"]
[Date "2006.08.19"]
[Round "5"]
[White "Halkias, Stelios"]
[Black "Sargissian, Gabriel"]
[Result "0-1"]
[WhiteElo "2551"]
[BlackElo "2667"]
[PlyCount "80"]
[EventDate "2006.08.19"]
[EventType "swiss (rapid)"]
[EventRounds "11"]
[EventCountry "GER"]
[Source "ChessBase"]
[SourceDate "2006.09.14"]

1. d4 Nf6 2. c4 e6 3. Nf3 b6 4. Nc3 Bb7 5. Bg5 Be7 6. e3 h6 7. Bh4 c5 8. dxc5
bxc5 9. Be2 d6 10. O-O O-O 11. Qc2 a6 12. Rfd1 Qc7 13. h3 Nbd7 14. Rd2 Rfd8 15.
Rad1 Rac8 16. Bg3 Nb6 17. b3 Qc6 18. a4 Ne8 19. Ne1 Nd7 20. Bf1 Qb6 21. Nd3 Nb8
22. Nf4 Nc6 23. Rb1 Nf6 24. Qd1 Nb4 25. Nh5 Nxh5 26. Qxh5 Bf6 27. Rc1 d5 28.
Ne2 d4 29. exd4 cxd4 30. c5 Qa5 31. Bh4 Rd5 32. Qg4 Bxh4 33. Qxh4 e5 34. Ng3
Rdxc5 35. Bc4 Bd5 36. Nf5 Qd8 37. Qg4 Qf6 38. Re1 h5 39. Qxh5 g6 40. Nh6+ Kg7
0-1

[Event "Castelldefels op 3rd"]
[Site "Castelldefels"]
[Date "2006.??.??"]
[Round "9"]
[White "Chatalbashev, Boris"]
[Black "Del Rio Angelis, Salvador Gabriel"]
[Result "1/2-1/2"]
[WhiteElo "2507"]
[BlackElo "2514"]
[PlyCount "96"]
[EventDate "2006.08.16"]
[EventType "swiss"]
[EventRounds "9"]
[EventCountry "ESP"]
[Source "ChessBase"]
[SourceDate "2006.09.14"]

1. d4 e6 2. c4 Nf6 3. Nf3 b6 4. e3 Bb7 5. Nc3 d5 6. cxd5 exd5 7. Bb5+ c6 8. Bd3
Nbd7 9. O-O Be7 10. b3 O-O 11. Bb2 Bd6 12. Rc1 Re8 13. Ne2 Ne4 14. Ng3 g6 15.
Rc2 Qe7 16. Qe2 a5 17. Rfc1 a4 18. Bxe4 dxe4 19. Nd2 axb3 20. axb3 Qh4 21. Nc4
Bf8 22. Qd2 Ra6 23. Qc3 f6 24. Nd2 Bd6 25. b4 b5 26. Nb3 Qg5 27. Nc5 Nxc5 28.
dxc5 Bf8 29. Rd2 Bc8 30. Rcd1 Ra8 31. Rd8 Bf5 32. Rxa8 Rxa8 33. h3 h5 34. Qb3+
Kg7 35. Rd4 Re8 36. Qa2 Be6 37. Qa7+ Re7 38. Qa8 Bxh3 39. gxh3 h4 40. Qxc6 hxg3
41. Rd5 Qh4 42. Kg2 gxf2 43. Rd1 Qg5+ 44. Kxf2 Qf5+ 45. Kg1 Qf3 46. Rf1 Qg3+
47. Kh1 Qxh3+ 48. Kg1 Qg3+ 1/2-1/2

[Event "Staunton mem 4th"]
[Site "London/Crowthorne"]
[Date "2006.08.22"]
[Round "8"]
[White "Sokolov, Ivan"]
[Black "Werle, Jan"]
[Result "1/2-1/2"]
[WhiteElo "2652"]
[BlackElo "2531"]
[PlyCount "71"]
[EventDate "2006.08.14"]
[EventType "tourn"]
[EventRounds "11"]
[EventCountry "ENG"]
[EventCategory "11"]
[Source "ChessBase"]
[SourceDate "2006.09.14"]

1. d4 Nf6 2. c4 e6 3. Nf3 b6 4. a3 Bb7 5. Nc3 d5 6. cxd5 Nxd5 7. Qc2 Nxc3 8.
bxc3 c5 9. e3 Nd7 10. Bd3 g6 11. e4 Qc7 12. Qb1 Bg7 13. O-O O-O 14. a4 Rac8 15.
Be3 Rfd8 16. Rc1 Qb8 17. Rd1 cxd4 18. cxd4 Rc3 19. a5 Ba8 20. axb6 axb6 21. Bg5
Bf6 22. h4 Bxg5 23. hxg5 Qf4 24. Qb4 Rc7 25. Re1 h6 26. gxh6 Qxh6 27. Qd6 Rc3
28. Rxa8 Rxa8 29. Qxd7 Rc1 30. Bf1 Rxe1 31. Nxe1 Ra1 32. Nc2 Rxf1+ 33. Kxf1
Qc1+ 34. Ne1 Qc4+ 35. Kg1 Qc1 36. Kf1 1/2-1/2

[Event "Abu Dhabi op 16th"]
[Site "Abu Dhabi"]
[Date "2006.08.14"]
[Round "3"]
[White "Sturua, Zurab"]
[Black "Miroshnichenko, Evgenij"]
[Result "1/2-1/2"]
[WhiteElo "2509"]
[BlackElo "2616"]
[PlyCount "31"]
[EventDate "2006.08.12"]
[EventType "swiss"]
[EventRounds "9"]
[EventCountry "UAE"]
[Source "ChessBase"]
[SourceDate "2006.09.14"]

1. Nf3 Nf6 2. c4 e6 3. d4 b6 4. g3 Ba6 5. b3 b5 6. cxb5 Bxb5 7. Bg2 Bc6 8. O-O
Qc8 9. Ba3 Bxa3 10. Nxa3 O-O 11. Nc4 a5 12. Rc1 Qb7 13. Qd2 Qa7 14. Rfd1 d6 15.
Qe1 Bd5 16. Nh4 1/2-1/2

[Event "Abu Dhabi op 16th"]
[Site "Abu Dhabi"]
[Date "2006.08.19"]
[Round "7"]
[White "Neverov, Valeriy"]
[Black "Anastasian, Ashot"]
[Result "0-1"]
[WhiteElo "2556"]
[BlackElo "2566"]
[PlyCount "83"]
[EventDate "2006.08.12"]
[EventType "swiss"]
[EventRounds "9"]
[EventCountry "UAE"]
[Source "ChessBase"]
[SourceDate "2006.09.14"]

1. d4 Nf6 2. c4 e6 3. Nf3 b6 4. a3 Bb7 5. Nc3 d5 6. Bg5 Be7 7. Qa4+ c6 8. Bxf6
Bxf6 9. cxd5 exd5 10. g3 O-O 11. Bg2 Re8 12. O-O Na6 13. Rfd1 Nc7 14. Rac1 g6
15. e3 Qd6 16. b4 a6 17. Qb3 Nb5 18. a4 Nxc3 19. Rxc3 h5 20. Ne1 b5 21. Nd3
Rad8 22. Rdc1 Qb8 23. Rxc6 Bxc6 24. Rxc6 Rd6 25. axb5 axb5 26. Bxd5 Re7 27. Nc5
Kg7 28. Ne4 Rxc6 29. Bxc6 h4 30. Qd5 Re6 31. Kg2 Qc7 32. Bxb5 Qc2 33. Nc5 Rxe3
34. Bc4 Re7 35. b5 h3+ 36. Kxh3 Qxf2 37. b6 Bxd4 38. Ne4 Qb2 39. Ng5 Bg1 40.
Nxf7 Qxh2+ 41. Kg4 Bf2 42. Qd3 0-1

[Event "Abu Dhabi op 16th"]
[Site "Abu Dhabi"]
[Date "2006.08.20"]
[Round "8"]
[White "Sturua, Zurab"]
[Black "Ghaem Maghami, Ehsan"]
[Result "1/2-1/2"]
[WhiteElo "2509"]
[BlackElo "2594"]
[PlyCount "32"]
[EventDate "2006.08.12"]
[EventType "swiss"]
[EventRounds "9"]
[EventCountry "UAE"]
[Source "ChessBase"]
[SourceDate "2006.09.14"]

1. d4 Nf6 2. Nf3 e6 3. c4 b6 4. a3 Ba6 5. Qc2 Bb7 6. Nc3 c5 7. e4 cxd4 8. Nxd4
d6 9. Be2 Be7 10. O-O O-O 11. Rd1 Nbd7 12. Be3 a6 13. a4 Qc7 14. f3 Rfe8 15.
Qd2 Ne5 16. Rdc1 Rac8 1/2-1/2

[Event "GBR-ch 93rd"]
[Site "Swansea"]
[Date "2006.08.14"]
[Round "8"]
[White "Pert, Nicholas"]
[Black "Gormally, Daniel"]
[Result "1/2-1/2"]
[WhiteElo "2503"]
[BlackElo "2513"]
[PlyCount "20"]
[EventDate "2006.08.07"]
[EventType "swiss"]
[EventRounds "11"]
[EventCountry "WLS"]
[Source "ChessBase"]
[SourceDate "2006.09.14"]

1. d4 Nf6 2. Nf3 e6 3. c4 b6 4. Nc3 Bb7 5. a3 d5 6. cxd5 Nxd5 7. Qc2 Nxc3 8.
bxc3 Be7 9. e4 O-O 10. Bd3 c5 1/2-1/2

[Event "Villarrobledo op 21st"]
[Site "Villarrobledo"]
[Date "2006.08.05"]
[Round "4"]
[White "Van Wely, Loek"]
[Black "Spraggett, Kevin"]
[Result "1-0"]
[WhiteElo "2675"]
[BlackElo "2577"]
[PlyCount "68"]
[EventDate "2006.08.05"]
[EventType "swiss (rapid)"]
[EventRounds "9"]
[EventCountry "ESP"]
[Source "ChessBase"]
[SourceDate "2006.09.14"]

1. d4 Nf6 2. c4 e6 3. Nf3 b6 4. g3 Ba6 5. b3 d5 6. cxd5 exd5 7. Bg2 Bb4+ 8. Bd2
Be7 9. O-O O-O 10. Nc3 Bb7 11. Qc2 Na6 12. Rfd1 Re8 13. Bf4 Qd7 14. a3 h6 15.
b4 c6 16. Ne5 Qe6 17. b5 cxb5 18. Nxb5 Rec8 19. Qb3 Ne4 20. Rac1 Bf8 21. Rxc8
Rxc8 22. Bxe4 dxe4 23. d5 Qf5 24. Nxa7 Ra8 25. Qxb6 Bc5 26. Qxb7 Rxa7 27. Qb2
g5 28. Be3 Ra8 29. d6 Bxe3 30. fxe3 Qe6 31. Qd4 Rd8 32. Qb6 Rb8 33. Qxa6 Qxe5
34. d7 Rd8 1-0

[Event "Vlissingen HZ op"]
[Site "Vlissingen"]
[Date "2006.08.11"]
[Round "8"]
[White "L'Ami, Erwin"]
[Black "Iordachescu, Viorel"]
[Result "1-0"]
[WhiteElo "2586"]
[BlackElo "2603"]
[PlyCount "53"]
[EventDate "2006.08.05"]
[EventType "swiss"]
[EventRounds "9"]
[EventCountry "NED"]
[Source "ChessBase"]
[SourceDate "2006.09.14"]

1. d4 Nf6 2. c4 e6 3. Nf3 b6 4. g3 Ba6 5. b3 Bb4+ 6. Bd2 Be7 7. Bg2 c6 8. Bc3
d5 9. Ne5 Nfd7 10. Nxd7 Nxd7 11. Nd2 O-O 12. O-O Nf6 13. e4 dxe4 14. Nxe4 b5
15. Nc5 Bxc5 16. dxc5 bxc4 17. Qe2 Nd5 18. Be5 Qg5 19. Bd6 Rfd8 20. bxc4 Rac8
21. Qc2 Nb6 22. cxb6 Rxd6 23. Qa4 Bb7 24. Qxa7 Qe7 25. Qa3 c5 26. Qa7 Rd7 27.
Rad1 1-0

[Event "Biel MTO op"]
[Site "Biel"]
[Date "2006.07.28"]
[Round "5"]
[White "Roiz, Michael"]
[Black "Pikula, Dejan"]
[Result "1/2-1/2"]
[WhiteElo "2611"]
[BlackElo "2545"]
[PlyCount "100"]
[EventDate "2006.07.24"]
[EventType "swiss"]
[EventRounds "11"]
[EventCountry "SUI"]
[Source "ChessBase"]
[SourceDate "2006.09.14"]

1. d4 Nf6 2. Nf3 e6 3. c4 b6 4. Nc3 Bb4 5. Qc2 Bb7 6. a3 Bxc3+ 7. Qxc3 h6 8. e3
d6 9. Be2 Nbd7 10. O-O O-O 11. b4 a5 12. Bb2 Qe7 13. Nd2 axb4 14. axb4 Rxa1 15.
Rxa1 Ra8 16. Rxa8+ Bxa8 17. d5 c5 18. dxc6 Bxc6 19. f3 Qf8 20. Nb3 e5 21. e4
Nh5 22. g3 f5 23. Nd2 fxe4 24. Nxe4 Bxe4 25. fxe4 Nhf6 26. Bf3 Kf7 27. Bc1 Qa8
28. Qc2 Ke7 29. Kg2 g5 30. h3 Qg8 31. Be3 Qa8 32. Kf2 Qa3 33. Bd2 Nf8 34. Qc3
Qa2 35. c5 bxc5 36. bxc5 Ne6 37. cxd6+ Kxd6 38. Qb4+ Kd7 39. Qb5+ Ke7 40. Qe2
Qb2 41. Be3 Qb4 42. Qc2 Kf7 43. Kg2 Kg6 44. Qc6 Kf7 45. Bf2 h5 46. Be2 Qb1 47.
Qc4 g4 48. hxg4 Nxg4 49. Bxg4 hxg4 50. Qe2 Ng5 1/2-1/2

[Event "Biel MTO op"]
[Site "Biel"]
[Date "2006.07.30"]
[Round "6"]
[White "Alekseev, Evgeny"]
[Black "Adianto, Utut"]
[Result "1/2-1/2"]
[WhiteElo "2644"]
[BlackElo "2580"]
[PlyCount "142"]
[EventDate "2006.07.24"]
[EventType "swiss"]
[EventRounds "11"]
[EventCountry "SUI"]
[Source "ChessBase"]
[SourceDate "2006.09.14"]

1. d4 Nf6 2. c4 e6 3. Nf3 b6 4. Nc3 Bb7 5. a3 d5 6. cxd5 Nxd5 7. e3 Be7 8. Bd3
O-O 9. Nxd5 Bxd5 10. Qc2 h6 11. O-O Nd7 12. e4 Bb7 13. b4 c5 14. dxc5 bxc5 15.
Rd1 Qc8 16. b5 Nb6 17. a4 a6 18. Be3 axb5 19. Bxb5 f5 20. exf5 Bxf3 21. gxf3
Rxf5 22. Qe4 Nd5 23. Bc4 Bf6 24. Bxd5 exd5 25. Rxd5 Rxd5 26. Qxd5+ Kh8 27. Ra2
c4 28. a5 c3 29. Ra4 Qa6 30. Rc4 Rd8 31. Qc5 Be7 32. Qc7 Kh7 33. Kg2 Rd5 34.
Rc6 Bd8 35. Qxg7+ Kxg7 36. Rxa6 Bxa5 37. Bxh6+ Kf7 38. Rc6 Rd3 39. h4 Rd5 40.
Bg5 Bb4 41. Rc4 Ba5 42. Kg3 Rd7 43. Bf4 Ke6 44. h5 Kd5 45. Rc8 Kd4 46. h6 Kd3
47. Kg4 c2 48. Kh5 Rf7 49. Bg5 Bc3 50. Kg4 Rd7 51. Bc1 Bd4 52. f4 Re7 53. Rd8
Kc4 54. Kf5 Bc3 55. Rc8+ Kd3 56. Kg6 Re6+ 57. Kg5 Re1 58. h7 Rh1 59. Rc7 Ba5
60. Rd7+ Ke4 61. Re7+ Kf3 62. Kf5 Kxf2 63. Ra7 Bb6 64. Ra2 Rxh7 65. Rxc2+ Kg3
66. Kg6 Rc7 67. Rxc7 Bxc7 68. f5 Be5 69. Bg5 Kg4 70. Bf6 Bd6 71. Bc3 Be7
1/2-1/2

[Event "Biel MTO op"]
[Site "Biel"]
[Date "2006.07.31"]
[Round "7"]
[White "Adianto, Utut"]
[Black "Atalik, Suat"]
[Result "1-0"]
[WhiteElo "2580"]
[BlackElo "2619"]
[PlyCount "105"]
[EventDate "2006.07.24"]
[EventType "swiss"]
[EventRounds "11"]
[EventCountry "SUI"]
[Source "ChessBase"]
[SourceDate "2006.09.14"]

1. d4 Nf6 2. c4 e6 3. Nf3 b6 4. g3 Bb7 5. Bg2 Bb4+ 6. Bd2 a5 7. O-O O-O 8. Bg5
Be7 9. Bxf6 Bxf6 10. Nc3 d6 11. e4 Nc6 12. Re1 e5 13. d5 Ne7 14. a3 Bc8 15. b4
Bd7 16. Qd2 Ng6 17. h4 h5 18. Qe3 Qe7 19. Nd2 Nh8 20. c5 axb4 21. axb4 bxc5 22.
bxc5 dxc5 23. Nc4 Rfb8 24. Rxa8 Rxa8 25. Rb1 Qf8 26. Kh2 Rb8 27. Ra1 Rb4 28.
Bf1 Ng6 29. Ra7 Qb8 30. Qxc5 Rb7 31. Rxb7 Qxb7 32. d6 cxd6 33. Nxd6 Qc6 34.
Qxc6 Bxc6 35. Be2 Be7 36. Nc4 Bc5 37. Bxh5 Bxf2 38. Bxg6 Bd4 39. Nd5 Bxd5 40.
exd5 fxg6 41. Nd6 Kf8 42. Kg2 Ke7 43. Ne4 Kd7 44. Kf3 Ke7 45. g4 Kd7 46. Ng5
Kd6 47. Ke4 Bf2 48. Nf7+ Kc5 49. Kxe5 Bxh4 50. d6 Bf6+ 51. Ke6 g5 52. d7 Kd4
53. Kf5 1-0

[Event "POR-chT 48th"]
[Site "Evora"]
[Date "2006.07.25"]
[Round "4"]
[White "Bartel, Mateusz"]
[Black "Riazantsev, Alexander"]
[Result "0-1"]
[WhiteElo "2561"]
[BlackElo "2622"]
[PlyCount "50"]
[EventDate "2006.07.22"]
[EventType "team"]
[EventRounds "9"]
[EventCountry "POR"]
[Source "ChessBase"]
[SourceDate "2006.09.14"]

1. d4 Nf6 2. Nf3 e6 3. c4 b6 4. a3 Bb7 5. Nc3 d5 6. cxd5 Nxd5 7. e3 g6 8. Bb5+
c6 9. Bd3 Bg7 10. Na4 Qc7 11. Bd2 O-O 12. h4 Nd7 13. h5 e5 14. hxg6 hxg6 15. e4
Nf4 16. Bxf4 exf4 17. Qb3 b5 18. Nc3 c5 19. Nxb5 Qb6 20. Bc4 cxd4 21. Ng5 Ne5
22. Qh3 Rfe8 23. Bxf7+ Nxf7 24. Qb3 Re7 25. Rc1 a6 0-1